The Cut That Always Bleeds - Conan Gray (All Lyrics) - Statistics

General Stats
  • This quiz has been taken 312 times
  • The average score is 253 of 301
Answer Stats
Answer % Correct
a
100%
I
100%
that
100%
you
99%
always
98%
cut
98%
the
98%
The
98%
me
97%
your
97%
be
96%
bleeds
96%
do
96%
love
96%
don't
95%
need
94%
on
93%
You're
92%
you're
92%
anymore
90%
Can't
90%
can't
90%
then
90%
Then
90%
when
90%
and
88%
And
88%
beat
88%
lover
87%
please
87%
Please
87%
my
86%
Oh
86%
adore
84%
Every
84%
every
84%
leash
84%
pretty
84%
it
83%
heart
82%
leave
82%
lie
82%
other
82%
week
81%
between
80%
if
80%
at
79%
'Cause
79%
'cause
79%
like
79%
teeth
79%
breathe
78%
have
78%
kiss
78%
line
78%
gonna
77%
back
76%
better
76%
But
76%
I've
76%
more
76%
to
76%
To
76%
another
75%
attack
75%
fast
75%
killing
75%
than
75%
wanna
75%
air
74%
even
74%
before
73%
Five
73%
though
73%
words
73%
anything
71%
heard
71%
keep
70%
gone
69%
live
68%
Say
68%
say
68%
know
67%
for
65%
black
64%
blue
64%
it's
64%
what
64%
around
63%
coming
63%
long
63%
come
62%
throat
62%
rope
61%
they
60%
all
58%
doing
58%
door
58%
tied
58%
bruises
57%
somebody
56%
'til
56%
yeah
56%
could
55%
lap
55%
new
55%
noose
55%
sitting
54%
minute
53%
they're
53%
loved
52%
along
51%
as
51%
one
51%
inside
48%
little
48%
bleeding
47%
from
47%
arms
46%
longer
46%
Bittersweet
43%
stab
41%
No matching quizzes found
Score Distribution
Percent of People with Each Score
Percentile by Number Answered
Your Score History
You have not taken this quiz